| 000 | 01156cab a2200265 4500 | ||
|---|---|---|---|
| 001 | ##ABS50898 | ||
| 008 | 090401t1994 xxu||||| |||| 00| 0 eng d | ||
| 035 | _a(Sirsi) u599 | ||
| 041 | 0 | _aeng | |
| 100 | 1 | _aCox, D. | |
| 245 | 0 | 0 | _aHow are rent-free periods treated on rent review? |
| 260 | _c1994 | ||
| 350 | _a0 | ||
| 490 | 0 |
_aRent Review and Lease Renewal _v14(3) 1994, 18-22(5) |
|
| 520 | _aExamines four recently reported cases which consider the treatment of rent-free periods at rent review. Concludes that these cases give clear guidelines as to how these clauses should be approached. | ||
| 650 | 2 | 4 | _aBRITISH GAS CORPORATION V UNIVERSITIES SUPERANNUATION SCHEME LTD |
| 650 | 2 | 4 | _aBROADGATE SQUARE V LEHMAN BROTHERS LTD |
| 650 | 2 | 4 | _aCITY OFFICES PLC V BRYANSTON INSURANCE CO LTD |
| 650 | 2 | 4 | _aLONDON AND LEEDS ESTATES LTD V PARIBAS LTD |
| 650 | 2 | 4 | _aSCOTTISH AMICABLE LIFE ASSURANCE SOCIETY V MIDDLETON |
| 651 | 4 |
_aEngland and Wales _y1543- |
|
| 690 | _aPROPERTY-COMMERCIAL PROPERTY-LEASEHOLD COMMERCIAL PROPERTY-COMMERCIAL LANDLORD AND TENANT-COMMERCIAL LEASES-RENT REVIEW (COMMERCIAL LEASES) | ||
| 942 | _n0 | ||
| 948 | _c04/03/1997 | ||
| 999 |
_c292 _d292 |
||